Personnages de Mario en mii - Statistiques

Statistiques générales
  • Ce quiz a été pris 125 fois
  • Le résultat moyen est 13 sur 16
Statistiques - réponses
Par images Réponse % Correct
Mario
100%
Peach
99%
Luigi
98%
Toad
96%
Wario
95%
Donkey Kong
94%
Bowser
93%
Waluigi
93%
Harmonie
88%
Daisy
85%
Goomba
65%
Maskass
62%
Birdo
59%
Koopa
58%
Lakitu
56%
Roi Boo
43%
Aucun quiz correspondant
Distribution des résultats
% des personnes avec chaque résultat
Percentile par nombre de réponses
Votre historique - résultats
Vous n’avez pas pris ce quiz